Manažeři globálních společností
Typy a roly globálnych manažérov v nadnárodných spoločnostiach. Pojem globálny manažér a tri skupiny špecialistov: obchodní manažéri, národní (teritoriálni) manažéri a funkční manažéri. Požiadavky na medzinárodných manažérov v nadnárodných spoločnostiach.
Gespeichert in:
| 1. Verfasser: | |
|---|---|
| Format: | Buchkapitel |
| Sprache: | Tschechisch |
| Schlagworte: | |
| Tags: |
Keine Tags, Fügen Sie das erste Tag hinzu!
|
MARC
| LEADER | 00000naa a2200000 4500 | ||
|---|---|---|---|
| 001 | r030065 | ||
| 005 | 20230922084852.8 | ||
| 041 | 0 | |a cze | |
| 044 | |a CZ | ||
| 245 | 1 | 0 | |a Manažeři globálních společností |c Jiří Dědina |
| 520 | |a Typy a roly globálnych manažérov v nadnárodných spoločnostiach. Pojem globálny manažér a tri skupiny špecialistov: obchodní manažéri, národní (teritoriálni) manažéri a funkční manažéri. Požiadavky na medzinárodných manažérov v nadnárodných spoločnostiach. | ||
| 610 | 2 | 0 | |a manažéri |
| 610 | 2 | 0 | |a osobnosť |
| 610 | 2 | 0 | |a manažment medzinárodný |
| 610 | 2 | 0 | |a spoločnosti nadnárodné |
| 610 | 2 | 0 | |a globalizácia hospodárstva |
| 100 | 1 | |a Dědina, Jiří | |